| 000 | 02005cam a22004814i 4500 | ||
|---|---|---|---|
| 003 | PE-LiUPU | ||
| 005 | 20250731172937.0 | ||
| 008 | 150623s r 000 0 d | ||
| 020 | _a0802842917 | ||
| 035 | _a(Sirsi) i9780802842916 | ||
| 040 |
_aPE-LiUPU _bspa _cPE-LiUPU _erda |
||
| 049 | _aPRUA | ||
| 082 | 0 | 4 |
_a232.901 _bD97J _221 |
| 100 | 1 |
_aDunn, James D. G., _d1939-, _eautor. |
|
| 245 | 1 | 0 |
_aJesus and the spirit : _ba study of the religious and charismatic experience of Jesus and the first christians as reflected in the new testament. |
| 264 | 1 |
_aMichigan : _bWilliam B. Eerdmans Publishing Company, _c1997. |
|
| 300 |
_a515 páginas ; _c23 centímetros |
||
| 336 |
_atext _2rdacontent |
||
| 337 |
_aunmediated _2rdamedia |
||
| 338 |
_avolume _2rdacarrier |
||
| 505 | 0 | _aJesus' experience of God - sonship. -Jesus's experience of God - spirit. -Was Jesus a charismatic?. -Resurrection appearances. -Pentecost. -Enthusistic beginnings in lukan retrospect. -The charismatic spirit - The conciousness of grace. -The body if christ - the conciousness of christ. -A glnce across the second generation of christianity and concluding remarks. | |
| 526 | _aSEG42 | ||
| 526 | _aSEG41 | ||
| 526 | _aSEG40 | ||
| 526 | _aSEG39 | ||
| 526 | _aP94 | ||
| 526 | _aP87 | ||
| 526 | _aP86 | ||
| 526 | _aP85 | ||
| 526 | _aP77 | ||
| 526 | _aP76 | ||
| 526 | _aP35 | ||
| 600 | 1 |
_aJESUCRISTO _xVIDA Y ENSEÑANZA |
|
| 650 | 0 | 4 |
_aCRISTIANISMO _xHISTORIA. |
| 650 | 0 | 4 |
_aDONES ESPIRITUALES _xENSEÑANZA. |
| 650 | 0 | 4 |
_aEXPERIENCIA RELIGIOSA _yIGLESIA PRIMITIVA, ca. 30-600. |
| 942 |
_2ddc _cBOOK |
||
| 949 |
_a232.901 D97J _wDEWEY _c1 _i44427 _lCCODEBUL1 _mBUL _r0 _sY _tBOOK _u2015-6-24 _xTEOLOGIA _PP35 _0COMPRA _o.STAFF. Colección General |
||
| 994 |
_aC0 _bPEPRU |
||
| 596 | _a1 | ||
| 999 |
_a232.901 D97J _wDEWEY _c21304 _i44427 _f2021-11-10 _g5 _lCCODEBUL1 _mBUL _r0 _sY _tBOOK _u2015-6-24 _xTEOLOGIA _PP35 _0COMPRA _o.STAFF. Colección General _d21304 |
||
| 980 |
_81 _gALBERTO SANCHEZ Responsable de Automatización |
||